| 000 | 01077cam a2200277 a 4500 | ||
|---|---|---|---|
| 001 | 000011891 | ||
| 005 | 20200929162615.0 | ||
| 008 | 970513s1996 ck ab b 000 0 spa | ||
| 020 | _a9586122530 | ||
| 040 |
_aDO-SdBNP _bspa _cDLC _dBNPHU |
||
| 082 |
_a498 _bE82l |
||
| 100 | 1 |
_aEstrada Ramírez, Hortensia, _d1956- _928107 |
|
| 245 | 1 | 3 |
_aLa lengua sáliba : _bclases nominales y sistema de concordancia / _cHortensia Estrada Ramírez. |
| 246 | 3 | 0 | _aClases nominales y sistema de concordancia |
| 260 |
_aSantafé de Bogotá, Colombia : _bColcultura : _bTercer Mundo Editores, _c1996. |
||
| 300 |
_axxxiii, 230 p. : _bil., mapas ; _c21 cm. |
||
| 546 | _aEspañol y Sáliba | ||
| 504 | _aIncluye referencias bibliográficas (p. 227-230). | ||
| 586 | _aPremios nacionales de cultura, 1995. | ||
| 650 | 4 |
_aLenguas sáliba _xNominales _928108 |
|
| 650 | 4 |
_aLenguas sáliba _xGramática _928109 |
|
| 650 | 4 |
_aLenguas sáliba _xGlosarios, vocabularios, etc. _928110 |
|
| 710 | 2 |
_aInstituto Colombiano de Cultura _919853 |
|
| 910 | _aCatalogación por copia / LC | ||
| 049 | _aBNGR | ||
| 999 |
_c11561 _d11561 |
||